000 00596nam a2200181 i 4500
001 70394
003 ES-MaACL
005 20240605131134.0
007 t|
008 040722s1972 sp ||||1| spa d
100 1 _aGarcía San Miguel, Luis.
_955254
245 1 3 _aLa sociedad autogestionada
_b: una utopía democrática /
_cLuis García San Miguel ; prólogo: Dionisio Ridruejo.
260 _a[Madrid] :
_bSeminarios y Ediciones,
_c[1972]
300 _a192 p. ;
_c18 cm.
700 1 _aRidruejo, Dionisio,
_d1912-1975
_997065
852 _aES-MaACL
_jC-53171
_bR.84452
999 _c70394
_d70394